000 00287nam a2200097 4500
008 240223b |||||||| |||| 00| 0 eng d
245 _aEthnic studies report-Vol. v no. 1 (January 1987)
260 _b International centre for ethnic studies,
_c1987
650 _a ETHNIC STUDIES
942 _cCR
999 _c4802
_d4802